000 00607nam a2200193Ii 4500
003 JO-AjNU
008 230605s9999||||xx |||||||||||||| ||und||
040 _aJO-AjNU
_bara
_erda
_cJO-AjNU
041 _aara
050 1 4 _aJX1954.A2822.2011
100 3 _aأبو الوفا، أحمد ,
_eauthor
_944779
245 0 0 _aالوسيط فى قانون المنظمات الدولية
250 _aط 8
264 3 1 _aالقاهرة :دار النهضة العربية ،2011
300 _a596ص
336 _atext
_btxt
_2rdacontent
337 _aunmediated
_bn
_2rdamedia
338 _avolume
_bnc
_2rdacarrier
999 _aA19361
_c22929
_d22929